000 00257nam a22001217a 4500
008 170508b xxu||||| |||| 00| 0 eng d
041 _aeng
080 _a34
100 _a14
101 _aSHJ
245 _aTHE WORLD COURT
_cROSENNE.SH
942 _2udc
_cBK
999 _c12990
_d12990